Diccionario de Jesús y los evangelios
Spremljeno u:
| Glavni autor: | |
|---|---|
| Format: | Knjiga |
| Jezik: | španjolski |
| Izdano: |
Pamplona
Verbo Divino
2000
|
| Izdanje: | 3a. ed |
| Serija: | Diccionarios Minor, 12
|
| Teme: | |
| Oznake: |
Dodaj oznaku
Bez oznaka, Budi prvi tko označuje ovaj zapis!
|
MARC
| LEADER | 00000nam a2200000 a 4500 | ||
|---|---|---|---|
| 001 | UCK1872 | ||
| 003 | CL-VaPUC | ||
| 008 | 041210e20000000SP |||||||||||||||||spa|d | ||
| 020 | |a 8481690376 | ||
| 082 | 0 | 4 | |a 226.03 |b VID |2 21 |
| 100 | 0 | |a Vidal Manzanares, César |e author |9 489732 | |
| 245 | 1 | 0 | |a Diccionario de Jesús y los evangelios |
| 250 | |a 3a. ed | ||
| 300 | |a 400 p | ||
| 942 | |c BK | ||
| 945 | |d 20041210 00:00:00 |a vberengu | ||
| 260 | |a Pamplona |b Verbo Divino |c 2000 | ||
| 650 | 0 | |a Evangelios |9 314864 | |
| 650 | 0 | |a Textos sagrados |9 257605 | |
| 650 | 0 | |a Diccionarios |9 256200 | |
| 583 | |a last modification |c 20130402 09:17:04 |k Rodrigo Vera | ||
| 490 | 0 | |a Diccionarios Minor, 12 | |
| 999 | |c 311643 |d 311641 | ||
| 952 | |0 0 |1 0 |4 0 |6 226_030000000000000_VID_2000 |7 0 |8 F |9 381163 |a BIBTEO |b BIBTEO |d 2019-11-21 |i 4084837 |o 226.03 VID 2000 |p 4084837 |r 2025-01-17 |w 2019-11-21 |y BK_F |k ICR | ||